000 00712nam a2200241 i 4500
001 145975
003 ES-MaACL
005 20230906201355.0
007 t|
008 071018s1971 sp |||| | spa d
080 _a7.037.3
100 1 _aVerdone, Mario.
_9114038
245 1 0 _aQué es verdaderamente el futurismo /
_cM. Verdone ; [traducción por Dolores Fonseca].
250 _a1ª ed.
260 _a[Madrid] :
_bDoncel,
_c1971.
300 _a150 p. ;
_c18 cm.
490 1 _aQué es verdaderamente ;
_v12
650 1 4 _aFuturismo (Arte)
_9161992
700 1 _aFonseca, Dolores.
_951518
830 0 _aQué es verdaderamente ;
_v12
_9187415
852 _aES-MaACL
_jC-41613
999 _c145975
_d145975